000 02065nam0a22003491 4500
001 rc\3748828
005 20260409064910.0
021 _aRU
_b[72-93228]
035 _a(NLR Aleph) 007873360
090 _a7871888
_c7871888
100 _a20130115d1972 u y0rusy50 ca
101 0 _arus
102 _aRU
105 _aa g |||||
200 1 _aСтальные конструкции
_eСправочник конструктора
_fПод общ. ред. д-ра техн. наук, проф. Н.П. Мельникова
_gЦентр. науч.-исслед. и проектный ин-т строит. металлоконструкций "Проектстальконструкция"
205 _a2-е изд., перераб. и доп.
210 _aМосква
_cСтройиздат
_d1972
215 _a328 с.
_cчерт.
_d26
300 _aНа 6-й с. сост.: инженеры А.Г. Тахтамышев и Т.П. Невзорова
300 _a1-е изд. вышло под загл.: Справочник конструктора по стальным конструкциям
451 0 _12001#$aСправочник конструктора по стальным конструкциям
_1205##$a1-е изд.
_tСправочник конструктора по стальным конструкциям
606 _aСтальные конструкции
_xРасчет
_jСправочники
_2psbo
702 1 _aНевзорова
_bТ.П.
_4220
702 1 _aМельников
_bН.П.
_gНиколай Прокофьевич
_4340
702 1 _aТахтамышев
_bА.Г.
_gАндрей Георгиевич
_4220
712 0 2 _4570
_aЦентральный научно-исследовательский и проектный институт строительных металлоконструкций им. Н. П. Мельникова
_cМосква
_3RU\NLR\AUTH\880635843
_92688328
801 0 _aRU
_bNLR
_gpsbo
801 1 _aRU
_bELAR
_2rusmarc
852 _aNLR
_j72-7/2021
942 _cBOOK
980 _aNB